An 8-Antenna element MIMO system for compact and thin 5G mobile / (Record no. 615924)

000 -LEADER
fixed length control field 00746nam a22001697a 4500
003 - CONTROL NUMBER IDENTIFIER
control field NUST
082 ## - DEWEY DECIMAL CLASSIFICATION NUMBER
Classification number 621.382,ZAM
100 ## - MAIN ENTRY--PERSONAL NAME
Personal name Zameer, Tahir
9 (RLIN) 132903
245 ## - TITLE STATEMENT
Title An 8-Antenna element MIMO system for compact and thin 5G mobile /
Statement of responsibility, etc. Tahir Zameer, Sibghatullah, Faizan Sabir and Khizar Raees (BETE-53)
260 ## - PUBLICATION, DISTRIBUTION, ETC.
Place of publication, distribution, etc. Rawalpindi
Name of publisher, distributor, etc. MCS (NUST)
Date of publication, distribution, etc. July, 2020
300 ## - PHYSICAL DESCRIPTION
Extent xiv66 p.;
505 ## - FORMATTED CONTENTS NOTE
Formatted contents note Introduction (Page-1), Background to Thesis (Pae-26), Literature Review (Page-30), Antenna Development and Design (Page-38), Antenna Measurements and Results (Page-46), Conclusion & Future Works (Page-57).
650 ## - SUBJECT ADDED ENTRY--TOPICAL TERM
Topical term or geographic name entry element UG Project
9 (RLIN) 131132
651 ## - SUBJECT ADDED ENTRY--GEOGRAPHIC NAME
Geographic name BETE-53
9 (RLIN) 132872
700 ## - ADDED ENTRY--PERSONAL NAME
Personal name Supervised by Dr. Muhammad Zeeshan Zahid
9 (RLIN) 132904
942 ## - ADDED ENTRY ELEMENTS (KOHA)
Source of classification or shelving scheme
Koha item type Project Report
Holdings
Withdrawn status Lost status Source of classification or shelving scheme Damaged status Not for loan Permanent Location Current Location Shelving location Date acquired Total Checkouts Full call number Barcode Date last seen Price effective from Koha item type Public note
          Military College of Signals (MCS) Military College of Signals (MCS) Reference 01/26/2026   621.382,ZAM MCSPTE-300 01/26/2026 01/26/2026 Project Report Almirah No.90, Shelf No.4
© 2023 Central Library, National University of Sciences and Technology. All Rights Reserved.